Literatura : lenguaje figurado, escuelas, géneros /

Guardat en:
Dades bibliogràfiques
Autor principal: Hernández, Sònia (autor)
Format: Llibre
Idioma:espanyol
Publicat: México : McGraw-Hill, 1998, c1998
Matèries:
Etiquetes: Afegir etiqueta
Sense etiquetes, Sigues el primer a etiquetar aquest registre!

MARC

LEADER 00000nam^a2200000^a^4500
001 000331758
005 20250521000000.0
009 20260310114043.509
020 |a 970-10-1625-4 
037 |a Acervo Xavier Clavigero 
041 |a ESP 
082 |a 809. 001  |b HER 
100 |a Hernández, Sònia  |e (autor) 
245 1 0 |a Literatura :  |b lenguaje figurado, escuelas, géneros /  |c S. Hernández. 
264 4 |a México :  |b McGraw-Hill,  |c 1998, c1998 
300 |a VIII, 223 p. 
336 |a texto  |b txt  |2 rdacontenido 
337 |a sin mediación  |b n  |2 rdamedio 
338 |a volumen  |b nc  |2 rdasoporte 
649 |a XX 
650 |a Estética 
650 |a Lenguaje 
650 |a Géneros Literarios -  |x Historia y Crítica 
650 |a Literatura -  |x Historia y Crítica 
650 |a Literatura -  |x Teoría -  |x Tema Principal 
910 |a Fondo General 
920 |a Impresos - Libros 
930 |a Colección General 
940 |a Literatura 
905 |a 101 
901 |a 0500221040  |b IT1  |c LIT  |u 20250521 
902 |a https://opac.biblio.iteso.mx/vufind/Record/000331758